Danzig seit 1918

Titel: Danzig seit 1918 : 75 Jahre Ringen um Selbstbestimmung / von Hans Viktor Böttcher
Verfasser:
Körperschaft:
Veröffentlicht: Düsseldorf, 1993
Umfang: 37 S.
Format: Buch
Sprache: Sprache nicht angegeben
Schriftenreihe/
mehrbändiges Werk:
Kulturwerk Danzig. Schriftenreihe II ; 7
Schlagworte:
Kein Bild verfügbar
X
alg: 41799327
001A    $03004:17-10-17 
001B    $01999:03-04-18 $t17:20:12.000 
001D    $03004:17-10-17 
001U    $0utf8 
001X    $00 
002@    $0Aau 
003@    $0417993277 
003O    $01006503345 $aOCoLC 
004E/07 $0IKGNnob_5/86351 
007A    $0417993277 $aHEB 
010@    $aund 
011@    $a1993 $n1993 
021A    $aDanzig seit 1918 $d75 Jahre Ringen um Selbstbestimmung $hvon Hans Viktor Böttcher 
028A    $7 $8Böttcher, Hans Viktor [Tnd] $9139690786 
029F    $72083641-7 $8Kulturwerk Danzig [Tb1] $9043295703 
033A    $pDüsseldorf 
034D    $a37 S. 
036E    $aKulturwerk Danzig. Schriftenreihe II $l7 
036F    $x17 $8Schriftenreihe / Kulturwerk Danzig. 2, Aus Kultur und Geistesleben Danzigs $9091221854 $l7 
044K    $#Danzig $#Ville Libre de Danzig $#Dantzig $#Ville Libre de Dantzig $#Freistaat Danzig $#Gdańsk $#Freie Stadt Danzig $#Urząd Miejski w Gdańsku $#Gyddanzyc $#Gedanum $#Dantiscum $74011039-4 $8Danzig [Tg1] $9085022225 
044K    $#Selbstbestimmungsrecht $#Selbstbestimmung Recht $74054390-0 $8Selbstbestimmungsrecht [Ts1] $9085151203 
045R    $aGeschichte 1918-1993 

lok: 41799327 24

exp: 41799327 24 1 #EPN
201B/01 $018-10-17 $t11:24:41.000 
201C/01 $017-10-17 
201U/01 $0utf8 
203@/01 $01008500607 
208@/01 $a18-10-17 $bz 
209A/01 $aS 32248 $du $f050 $hS 32248 $x00 
209C/01 $a17.06130 G $h17 06130 G 
209G/01 $a73964601 $x00 
220C/01 $ahae 
247C/01 $8358050-7 Marburg, Bibliothek des Herder-Instituts Marburg $9102600961
LEADER 00000cam a2200000 c 4500
001 417993277
003 DE-603
005 20180403172012.0
007 tu
008 171017s1993 xx |||| | u00||u|und c
028 5 2 |a IKGNnob_5/86351 
035 |a (DE-599)HEB417993277 
035 |a (OCoLC)1006503345 
040 |a DE-603  |b ger  |c DE-603  |d DE-603 
041 |a und 
100 1 |a Böttcher, Hans Viktor  |0 (DE-603)139690786 
245 0 0 |a Danzig seit 1918  |b 75 Jahre Ringen um Selbstbestimmung  |c von Hans Viktor Böttcher 
264 1 |a Düsseldorf  |c 1993 
300 |a 37 S. 
490 1 |a Kulturwerk Danzig. Schriftenreihe II  |v 7 
648 7 |a Geschichte 1918-1993  |2 gnd 
650 7 |a Selbstbestimmungsrecht  |0 (DE-588)4054390-0  |0 (DE-603)085151203  |2 gnd 
651 7 |a Danzig  |0 (DE-588)4011039-4  |0 (DE-603)085022225  |2 gnd 
710 2 |a Kulturwerk Danzig  |0 (DE-603)043295703  |0 (DE-588)2083641-7  |2 gnd 
830 0 |t Schriftenreihe  |n 2  |p Aus Kultur und Geistesleben Danzigs  |v 7  |w (DE-603)091221854  |w (DE-600)2367941-4  |9 17  |7 as 
924 0 |9 Mb 50  |a (DE-603)1008500607  |b DE-Mb50  |c HES  |d c  |g S 32248